Bluegrass and religion
"Divided into two parts, this book first gives a historical account of the relationship between Old Time and Bluegrass Music and Religion. The second part of the book is based on ethnographic Field Work, from both the US and the UK, including textual analysis of songs and participant observatio...
| Main Author: | |
|---|---|
| Format: | Print Book |
| Language: | English |
| Subito Delivery Service: | Order now. |
| Check availability: | HBZ Gateway |
| WorldCat: | WorldCat |
| Interlibrary Loan: | Interlibrary Loan for the Fachinformationsdienste (Specialized Information Services in Germany) |
| Published: |
London New York
Bloomsbury Academic
2025
|
| In: | Year: 2025 |
| Series/Journal: | Bloomsbury studies in religion and popular music
|
| Standardized Subjects / Keyword chains: | B
Südstaaten, USA
/ Bluegrass music
/ Christianity
/ Evangelical movement
/ Religious change
/ Atheism
/ History 1938-2023
|
| RelBib Classification: | AB Philosophy of religion; criticism of religion; atheism AD Sociology of religion; religious policy AG Religious life; material religion KBQ North America KDG Free church TK Recent history |
| Further subjects: | B
Bluegrass music (Great Britain)
Religious aspects
B Old-time music Religious aspects B Bluegrass music Religious aspects |
| Online Access: |
Table of Contents Blurb Literaturverzeichnis |
MARC
| LEADER | 00000cam a2200000 c 4500 | ||
|---|---|---|---|
| 001 | 1927540119 | ||
| 003 | DE-627 | ||
| 005 | 20260116114400.0 | ||
| 007 | tu | ||
| 008 | 250604s2025 xxk||||| 00| ||eng c | ||
| 010 | |a 2025006559 | ||
| 020 | |a 9781350175686 |c hardback |9 978-1-350-17568-6 | ||
| 020 | |a 9781350569676 |c paperback |9 978-1-350-56967-6 | ||
| 035 | |a (DE-627)1927540119 | ||
| 035 | |a (DE-599)KXP1927540119 | ||
| 035 | |a (OCoLC)1545735958 | ||
| 040 | |a DE-627 |b ger |c DE-627 |e rda | ||
| 041 | |a eng | ||
| 044 | |c XA-GB | ||
| 050 | 0 | |a ML3921.8.B65 | |
| 082 | 0 | |a 782.421642 |q DLC |2 23/eng/20250227 | |
| 084 | |a 0 |2 ssgn | ||
| 100 | 1 | |8 1\p |e VerfasserIn |0 (DE-588)136901786 |0 (DE-627)694746738 |0 (DE-576)301337349 |4 aut |a Ward, Pete |d 1959- | |
| 109 | |a Ward, Pete 1959- |a Ward, Peter 1959- | ||
| 245 | 1 | 0 | |a Bluegrass and religion |c Pete Ward |
| 264 | 1 | |a London |a New York |b Bloomsbury Academic |c 2025 | |
| 300 | |a ix, 211 Seiten | ||
| 336 | |a Text |b txt |2 rdacontent | ||
| 337 | |a ohne Hilfsmittel zu benutzen |b n |2 rdamedia | ||
| 338 | |a Band |b nc |2 rdacarrier | ||
| 490 | 0 | |a Bloomsbury studies in religion and popular music | |
| 500 | |a Includes bibliographical references and index | ||
| 520 | |a "Divided into two parts, this book first gives a historical account of the relationship between Old Time and Bluegrass Music and Religion. The second part of the book is based on ethnographic Field Work, from both the US and the UK, including textual analysis of songs and participant observation of concerts and interviews with performers. Selected interviews with musicians provide fresh insight into the religious practices and intentions of key performers. The differences of context between the US and the UK are considered as they relate to issues of post Christian sensibilities and non-religion"-- | ||
| 520 | |a Bluegrass and the Sacred : Fragments and Origins -- Moments : Religious, Less Religious, and Might Be Religious -- Farther Along and Wayfaring Stranger : Religion, Performance, and Genre -- A Man of Constant Sorrow : The Gospel According to Bluegrass -- Mountain Music : Literature and Myth -- Bluegrass Enthusiasts : Talking About the Songs -- Religion, Belonging and Meaning : Interviewing Bluegrass Enthusiasts -- Religion Theology and Bluegrass : Persistence, Change, and Presence. | ||
| 583 | 1 | |a Archivierung/Langzeitarchivierung gewährleistet |f FID |x XA-DE-BW |2 pdager |5 DE-21 | |
| 601 | |a Religion | ||
| 650 | 0 | |a Bluegrass music |x Religious aspects |2 DLC | |
| 650 | 0 | |a Bluegrass music |z Great Britain |x Religious aspects |2 DLC | |
| 650 | 0 | |a Old-time music |x Religious aspects |2 DLC | |
| 652 | |a AB:AD:AG:KBQ:KDG:TK | ||
| 689 | 0 | 0 | |d g |0 (DE-588)4078674-2 |0 (DE-627)104331666 |0 (DE-576)209209534 |g Südstaaten |2 gnd |a USA |x Südstaaten |
| 689 | 0 | 1 | |d s |0 (DE-588)4202493-6 |0 (DE-627)105158097 |0 (DE-576)210149078 |2 gnd |a Bluegrass |
| 689 | 0 | 2 | |d s |0 (DE-588)4010074-1 |0 (DE-627)104493933 |0 (DE-576)20888579X |2 gnd |a Christentum |
| 689 | 0 | 3 | |d s |0 (DE-588)4153245-4 |0 (DE-627)105532347 |0 (DE-576)209801883 |2 gnd |a Evangelikale Bewegung |
| 689 | 0 | 4 | |d s |0 (DE-588)4761239-3 |0 (DE-627)376386495 |0 (DE-576)216135508 |2 gnd |a Religiöser Wandel |
| 689 | 0 | 5 | |d s |0 (DE-588)4003364-8 |0 (DE-627)106389815 |0 (DE-576)208851305 |2 gnd |a Atheismus |
| 689 | 0 | 6 | |q z |2 gnd |a Geschichte 1938-2023 |
| 689 | 0 | |5 (DE-627) | |
| 776 | 1 | |z 9781350175709 |c epub | |
| 776 | 1 | |z 9781350175716 |c pdf | |
| 856 | 4 | 2 | |u https://swbplus.bsz-bw.de/bsz1927540119inh.htm |m V:DE-576 |m B:DE-21 |v 20251219200710 |3 Inhaltsverzeichnis |7 1 |
| 856 | 4 | 2 | |u https://swbplus.bsz-bw.de/bsz1927540119kla.htm |m V:DE-576 |m B:DE-21 |v 20251219200710 |3 Klappentext |7 1 |
| 856 | 4 | 2 | |u https://swbplus.bsz-bw.de/bsz1927540119ref.htm |m V:DE-576 |m B:DE-21 |v 20251219200711 |3 Literaturverzeichnis |7 1 |
| 883 | |8 1\p |a cgwrk |d 20251101 |q DE-101 |u https://d-nb.info/provenance/plan#cgwrk | ||
| 951 | |a BO | ||
| ELC | |b 1 | ||
| ITA | |a 1 |t 1 | ||
| LOK | |0 000 xxxxxcx a22 zn 4500 | ||
| LOK | |0 001 4789729478 | ||
| LOK | |0 003 DE-627 | ||
| LOK | |0 004 1927540119 | ||
| LOK | |0 005 20251203083222 | ||
| LOK | |0 008 251020||||||||||||||||ger||||||| | ||
| LOK | |0 040 |a DE-21 |c DE-627 |d DE-21 | ||
| LOK | |0 852 |a DE-21 | ||
| LOK | |0 852 1 |c 65 A 4459 |9 00 | ||
| LOK | |0 935 |a theo | ||
| LOK | |0 938 |a 2512 |f 1 | ||
| LOK | |0 939 |a 20-10-25 |b l01 | ||
| LOK | |0 000 xxxxxcx a22 zn 4500 | ||
| LOK | |0 001 4850698417 | ||
| LOK | |0 003 DE-627 | ||
| LOK | |0 004 1927540119 | ||
| LOK | |0 005 20260116114400 | ||
| LOK | |0 008 260116||||||||||||||||ger||||||| | ||
| LOK | |0 040 |a DE-Tue135 |c DE-627 |d DE-Tue135 | ||
| LOK | |0 092 |o n | ||
| LOK | |0 852 |a DE-Tue135 | ||
| LOK | |0 852 1 |9 00 | ||
| LOK | |0 936ln |0 1442049227 |a KBQ | ||
| LOK | |0 936ln |0 1442043229 |a AG | ||
| LOK | |0 936ln |0 1442050470 |a KDG | ||
| LOK | |0 936ln |0 1442043016 |a AD | ||
| LOK | |0 936ln |0 1442042990 |a AB | ||
| LOK | |0 936ln |0 1442053887 |a TK | ||
| LOK | |0 939 |a 16-01-26 |b l01 | ||
| ORI | |a SA-MARC-ixtheoa001.raw | ||
| REL | |a 1 | ||
| STA | 0 | 0 | |a Atheism,Atheism,Bluegrass music,Christianity,Christian world view,World view,Christian ideology,Evangelical movement,Religious change,Religion,Social change |
| STB | 0 | 0 | |a Athéisme,Athéisme,Bluegrass,Changement religieux,Christianisme,Christianisme,Mouvement évangélique |
| STC | 0 | 0 | |a Ateísmo,Ateísmo,Bluegrass,Cambio religioso,Cristianismo,Cristianismo,Cristiandad,Cristiandad,Cristiandad (Motivo),Cristiandad,Movimiento evangelical |
| STD | 0 | 0 | |a Ateismo,Ateismo,Cambiamento religioso,Cristianesimo,Cristianesimo,Movimento evangelicale |
| STE | 0 | 0 | |a 基督教,基督教,基督教世界观,宗教变迁,宗教改变,宗教变化,无神论,福音派运动,福音派 |
| STF | 0 | 0 | |a 基督教,基督教,基督教世界觀,宗教變遷,宗教改變,宗教變化,無神論,福音派運動,福音派 |
| STG | 0 | 0 | |a Ateísmo,Ateísmo,Cristianismo,Cristianismo,Cristandade,Cristandade,Cristandade (Motivo),Cristandade,Movimento evangelical,Mudança religiosa |
| STH | 0 | 0 | |a Атеизм (мотив),Атеизм,Евангельское движение,Религиозная перемена,Христианство (мотив),Христианство |
| STI | 0 | 0 | |a Αθεϊσμός (μοτίβο),Αθεϊσμός,Ευαγγελικό κίνημα,Θρησκευτική αλλαγή,Θρησκευτική στροφή,Χριστιανισμός (μοτίβο),Χριστιανισμός |
| SUB | |a REL | ||
| SYG | 0 | 0 | |a United States,United States of America,Vereinigte Staaten,Vereinigte Staaten von Amerika , United States of America,Vereinigte Staaten von Amerika,Amerika <USA>,United States of America,Vereinigte Staaten von Amerika,Amerika <USA>,USA,USA,Nord,Nördliche Vereinigte Staaten,Nordwestamerika,USA,Nordwest,Pazifischer Nordwesten,Mittlerer Westen,USA,Middle West,Mittelwesten,Midwest,USA,Nordost,Nordöstliche Vereinigte Staaten,USA,Südost,Südöstliche Vereinigte Staaten,USA,Ost,Östliche Vereinigte Staaten,Südwestliche USA,USA,Südweststaaten,Südwestliche Vereinigte Staaten,USA,Südwest,USA,West,Westliche Vereinigte Staaten,Nordamerikanische Südstaaten,Konföderierte Staaten von Amerika,Confederate States of America,Südliche Vereinigte Staaten,Südatlantische Staaten,Südöstliche Staaten,United States of America,Vereinigte Staaten von Amerika,Nordamerika,Amerika,United States,United States of America,Etats Unis,Etats-Unis,Vereinigte Staaten,Estados Unidos de America,EEUU,Vereinigte Staaten von Nordamerika,Soedinennye Štaty Ameriki,SŠA,Stany Zjednoczone Ameryki Północnej,Hēnōmenai Politeiai tēs Boreiu Amerikēs,Hēnōmenes Politeies tēs Amerikēs,HēPA,Ēnōmenes Politeies tēs Amerikēs,ĒPA,Meiguo,Etats-Unis d'Amérique,US , Christianity,Christliche Mission,Missionierung,Christenheit,Christianitas,Christliche Religion,Christliche Weltanschauung , Evangelikalismus , Religion , Gottlosigkeit |
| TIM | |a 100019380101_100020231231 |b Geschichte 1938-2023 | ||



